LEADER 01081nam a2200229 i 4500 001 000000144090 003 CaOOAMICUS 005 20051019000000.0 008 051019s1970 fr u000 u fre u 013 $a119448 040 $aSeMil$bita 245 10$aIndex des citations bibliques /$cpar Pierre Clair. Index des citations Patristiques / Michel Lacombe. Index des citations philosophiques et scientifiques / André Robinet. 300 $a400 p. 490 0 $aBibliothèque des textes philosophiques 700 1 $aClair, Pierre.$0(OLS)http://semarc/name/57667 700 1 $aRobinet, André,$d<1922- >.$0(OLS)http://semarc/name/5388 700 1 $aLacombe, Michel.$0(OLS)http://semarc/name/57668 773 0 $tOeuvres complètes de Malebranche.$dParis : Librairie Philosophique J. Vrin, 1962-1967.$g21$w()14473 830 0$aBibliothèque des textes philosophiques.$0(OLS)http://semarc/title/18870 850 $aSeMil 852 $aSeMil$W1$xVenegono$y1$m2R IV 229$j97064$B97064$CSeMilBibl$Z2$F104673 $81 996 $6245$aIndex des citations bibliques$9(OLS)http://semarc/title/210771 LEADER 01179nam a2200313 i 4500 001 000000193238 003 CaOOAMICUS 005 20200529150408.0 008 150326n it u000 u ita u 013 $a171878 040 $aSeMil$bita 100 0 $aAugustinus, Aurelius,$c.$0(OLS)http://semarc/name/498 245 10$aPagine sulla carità /$cS. Agostino. 260 $aFossano :$bEditrice Esperienze,$cstampa 1963. 300 $a110 p. ;$c17 cm. 500 $aFondo card. Giovanni Colombo. 650 4$aAgostino, Aurelio - Concetto di carità.$0(OLS)http://semarc/subject/36337 830 0$aVia sapientiae ;$v10.$0(OLS)http://semarc/title/29487 850 $aSeMil 852 $aSeMil$W1$xVenegono$y1$m3GC VI 271$j143812$B143812$CSeMilBibl$Z2$F155294 $8B 900 1 $aAgostino : d'Ippona. 900 1 $aSant'Agostino. 941 1 $a3 961 $aLascito: Colombo Card. Giovanni 996 $6245$aPagine sulla carità$9(OLS)http://semarc/title/105294 996 $6260$aFossano :$bEditrice Esperienze$9(OLS)http://semarc/publisher/32307